Indochine - La vie est à nous, paroles - Statistiques

Statistiques générales
  • Ce quiz a été pris 6 fois
  • Le résultat moyen est 165 sur 197
Statistiques - réponses
Réponse % Correct
à
100%
À
100%
aussi
100%
bals
100%
belle
100%
comme
100%
Comme
100%
dans
100%
danser
100%
de
100%
des
100%
donnera
100%
en
100%
est
100%
et
100%
Et
100%
jour
100%
jours
100%
la
100%
100%
les
100%
nos
100%
Nous
100%
nous
100%
nouveaux
100%
nuit
100%
nuits
100%
On
100%
Oui
100%
pour
100%
rois
100%
sans
100%
se
100%
sommes
100%
une
100%
vie
100%
princes
75%
travers
75%
allez
50%
Allez
50%
anciennes
50%
bas
50%
beaux
50%
bien
50%
Bien
50%
crever
50%
cymballes
50%
enfer
50%
étions
50%
étoiles
50%
foi
50%
frappent
50%
gravir
50%
l'assaut
50%
loi
50%
lumière
50%
marcher
50%
m'entends
50%
mondes
50%
montagnes
50%
ne
50%
ni
50%
oubliant
50%
oubliés
50%
partir
50%
pas
50%
plaines
50%
pourras
50%
prêts
50%
princesses
50%
reines
50%
s'offrira
50%
sourires
50%
tambours
50%
tombés
50%
toucher
50%
Toujours
50%
traverser
50%
trop
50%
tu
50%
Tu
50%
verra
50%
vies
50%
vivre
50%
voudras
50%
marchions
25%
Aucun quiz correspondant
Distribution des résultats
% des personnes avec chaque résultat
Percentile par nombre de réponses
Votre historique - résultats
Vous n’avez pas pris ce quiz